logo

Bir Sreshtho Munshi Abdur Rouf Library
Jhenaidah Cadet College

The personal voice : (Record no. 8963)

MARC details
000 -LEADER
fixed length control field 00691cam a22002411 4500
001 - CONTROL NUMBER
JCCL Control Number 8963
003 - CONTROL NUMBER IDENTIFIER
JCCL marc code BD-JhCC
005 - DATE AND TIME OF LATEST TRANSACTION
control field 20180529125216.0
008 - FIXED-LENGTH DATA ELEMENTS--GENERAL INFORMATION
fixed length control field 720524s1964 pau 000 0 eng
035 ## - SYSTEM CONTROL NUMBER
system control number (BD-JhCC)8963
035 ## - SYSTEM CONTROL NUMBER
system control number (OCoLC)316907
040 ## - CATALOGING SOURCE
Original cataloging agency DLC
Transcribing agency ODaWU
Modifying agency OCoLC
-- DLC
041 ## - LANGUAGE CODE
Language code of Book eng
050 00 - LIBRARY OF CONGRESS CALL NUMBER
Classification number PE1122
Item number .G8
082 ## - DEWEY DECIMAL CLASSIFICATION NUMBER
Classification number 828.082
Author mark and Year GUE 1964
100 1# - MAIN ENTRY--PERSONAL NAME
Personal name Guérard, Albert J.
Fuller form of name (Albert Joseph),
Dates associated with a name 1914-
245 14 - TITLE STATEMENT
Title The personal voice :
Remainder of title a contemporary prose reader /
Statement of responsibility, etc edited by Albert J. Guerard [and others]
260 ## - PUBLICATION, DISTRIBUTION, ETC. (IMPRINT)
Place of publication, distribution, etc Philadelphia,
Name of publisher, distributor, etc Lippincott
Date of publication, distribution, etc [1964]
300 ## - PHYSICAL DESCRIPTION
Pagination xiii, 618 p.
Dimensions 25 cm.
650 #0 - SUBJECT ADDED ENTRY--TOPICAL TERM
Topical term or geographic name as entry element College readers.
942 ## - ADDED ENTRY ELEMENTS (KOHA)
Source of classification or shelving scheme Dewey Decimal Classification
Koha item type Books
Holdings
Source of classification or shelving scheme Damaged status Not for loan Home library Current library Shelving location Date of accession Total Checkouts Full call number Barcode Date last seen Copy number Koha item type
Dewey Decimal Classification     JCC Rouf Library JCC Rouf Library General Stacks 03/06/2018   828.082 GUE 1964 11954 03/06/2018 C-1 Books

JCC Library | Contacts | JCC Home

Last Update on 23 September 2017
Copyright @ 2017-2020 JCC Rouf Library
Rouf Library, Jhenidah Cadet College (JCC), Bangladesh